000 00837nam a22002175i 4500
001 165752
003 ES-MaACL
005 20240524063010.0
008 050906s1854 fr | |||||||| ||fre d
040 _aCAM
_bspa
_cCAM
100 0 _aStendhal,
_d1783-1842
_9108086
245 1 0 _aRacine et Shakespeare
_b: études sur le romanticisme /
_cpar de Stendhal (Henry Beyle).
250 _aNouvelle éd. ent. revue et considérableme augm.
260 _aParis :
_bMichel Lévy Frères,
_c1854 (
_fImp. Simon Raçon et Comp.)
300 _a[4], 324 p. ;
_c19 cm.
490 1 _aOeuvres complètes de Stendhal
600 1 4 _aShakespeare, William,
_d1564-1616-
_xCrítica e interpretación
_9105993
830 0 _aOeuvres complètes de Stendhal
_9188568
852 _aES-MaACL
_jB-3211(2)
_z-- Enc. hol.
999 _c165752
_d165752